[Event "Quebec op"]
[Site "Montreal CAN"]
[Date "2012.07.25"]
[Round "6"]
[White "Zhang, Yuanchen"]
[Black "Wu, Qiyou"]
[Result "1-0"]
[WhiteElo "1987"]
[BlackElo "2098"]
[PlyCount "123"]
[GameId "2160767909442127"]
[EventDate "2012.07.21"]
[EventType "swiss"]
[EventRounds "9"]
[EventCountry "CAN"]
[SourceTitle "hb 2012"]

1. d4 d5 2. c4 e6 3. Nc3 Nf6 4. Bg5 Be7 5. e3 O-O 6. Nf3 Nbd7 7. Rc1 c6 8. Bd3 dxc4 9. Bxc4 b5 10. Bd3 Bb7 11. O-O a6 12. Bxf6 Nxf6 13. Ne4 Qd5 14. Nxf6+ Bxf6 15. a3 Rfd8 16. Rc5 Qd7 17. Be4 Be7 18. Ne5 Qe8 19. Rc3 b4 20. axb4 Bxb4 21. Rc4 a5 22. Bxc6 Qe7 23. Qf3 Rab8 24. Bxb7 Qxb7 25. Nc6 Qa6 26. Nxd8 Rxd8 27. Rc7 Rf8 28. Qc6 Qd3 29. Qc2 Qb5 30. Rc8 g6 31. Rxf8+ Bxf8 32. Rc1 Kg7 33. h3 Bd6 34. Qc3 Bb4 35. Qc4 Qf5 36. Qc2 Qd5 37. Rd1 Qg5 38. e4 Qf4 39. d5 exd5 40. exd5 Bd6 41. g3 Qg5 42. Kg2 h5 43. Qe4 Kh7 44. h4 Qf6 45. Qd4 Qf5 46. Re1 Qd7 47. Qe4 Qb7 48. Qd4 Qb5 49. Rc1 Qd7 50. Rc6 Bf8 51. Qe5 Kg8 52. Rc7 Qd8 53. Rb7 Bd6 54. Qd4 Qe8 55. Rb6 Qe7 56. Rc6 Qd7 57. Qc3 Bf8 58. d6 Bg7 59. Qc5 Qe6 60. Qc4 Qf5 61. Rc7 Be5 62. d7 1-0

[Event "Quebec op"]
[Site "Montreal CAN"]
[Date "2012.07.25"]
[Round "6"]
[White "Zhu, Hong Rui"]
[Black "Auger, Bertrand"]
[Result "0-1"]
[WhiteElo "2084"]
[BlackElo "1928"]
[PlyCount "112"]
[GameId "2160767909442128"]
[EventDate "2012.07.21"]
[EventType "swiss"]
[EventRounds "9"]
[EventCountry "CAN"]
[SourceTitle "hb 2012"]

1. e4 e6 2. d4 d5 3. e5 c5 4. c3 Nc6 5. Nf3 Qb6 6. a3 Nh6 7. Bd3 Bd7 8. Bc2 cxd4 9. cxd4 Nf5 10. Bxf5 exf5 11. Nc3 Be6 12. b4 h6 13. h4 g6 14. Be3 a5 15. b5 Nb8 16. O-O Nd7 17. Qb3 Qd8 18. Na4 Be7 19. g3 g5 20. hxg5 hxg5 21. Rfc1 g4 22. Ne1 Nxe5 23. Bf4 Nc4 24. Nb2 Bf6 25. Rd1 Rh3 26. Ng2 Ke7 27. a4 Qh8 28. Kf1 Bxd4 29. Nxc4 dxc4 30. Qa3+ Ke8 31. Rab1 Rh1+ 32. Ke2 Rxd1 33. Rxd1 c3 34. Ne3 Rc8 35. Bg5 Bf6 36. Bxf6 Qxf6 37. Qd6 c2 38. Rc1 Qb2 39. Qd2 Qb3 40. Rxc2 Rxc2 41. Qxc2 Qxc2+ 42. Nxc2 Bb3 43. Nd4 Bxa4 44. Kd3 Kd7 45. Kc4 b6 46. Nxf5 Bd1 47. Kd5 Bb3+ 48. Kd4 Ke6 49. Ne3 f5 50. Kc3 Ba2 51. Kd4 Bb3 52. Kc3 a4 53. Kd4 a3 54. Kc3 a2 55. Kb2 Ke5 56. Nf1 Kd4 0-1

[Event "Quebec op"]
[Site "Montreal CAN"]
[Date "2012.07.26"]
[Round "7"]
[White "Arsenault, Nicolas"]
[Black "Rondon, Luciano"]
[Result "1-0"]
[WhiteElo "2106"]
[BlackElo "1844"]
[PlyCount "83"]
[GameId "2160767909442129"]
[EventDate "2012.07.21"]
[EventType "swiss"]
[EventRounds "9"]
[EventCountry "CAN"]
[SourceTitle "hb 2012"]

1. e4 c5 2. Nf3 e6 3. d4 cxd4 4. Nxd4 Nf6 5. Nc3 d6 6. Be3 Be7 7. f4 Nc6 8. Qf3 O-O 9. O-O-O Bd7 10. Rg1 Nxd4 11. Bxd4 Bc6 12. g4 Nd7 13. Kb1 a6 14. g5 Qc7 15. Rg3 Rfc8 16. Rh3 b5 17. Qh5 Bxe4 18. Bd3 Bxd3 19. Rdxd3 Nf8 20. f5 exf5 21. Rd2 Qc4 22. Bxg7 Qg4 23. Bf6 Qxh5 24. Rxh5 Re8 25. Nd5 Bxf6 26. Nxf6+ Kg7 27. Nxe8+ Rxe8 28. c3 Re6 29. Rh4 Kg6 30. Rg2 Nd7 31. a4 Re4 32. Rh6+ Kg7 33. Rxd6 Ne5 34. axb5 axb5 35. Rb6 f4 36. Rxb5 Nd3 37. Rd2 Re1+ 38. Kc2 Ne5 39. Rf2 f3 40. h4 Kg6 41. Rxe5 Rxe5 42. Rxf3 1-0

[Event "Quebec op"]
[Site "Montreal CAN"]
[Date "2012.07.26"]
[Round "7"]
[White "Auger, Bertrand"]
[Black "Chiku-Ratte, Olivier-Kenta"]
[Result "0-1"]
[WhiteElo "1928"]
[BlackElo "2196"]
[PlyCount "118"]
[GameId "2160767909442130"]
[EventDate "2012.07.21"]
[EventType "swiss"]
[EventRounds "9"]
[EventCountry "CAN"]
[SourceTitle "hb 2012"]

1. Nf3 Nf6 2. g3 c5 3. c4 g6 4. Nc3 Bg7 5. Bg2 O-O 6. O-O Nc6 7. d4 cxd4 8. Nxd4 Nxd4 9. Qxd4 d6 10. Qd2 a6 11. b3 Rb8 12. Bb2 Qa5 13. Ne4 Qf5 14. Nxf6+ Bxf6 15. Bxf6 Qxf6 16. Rfd1 b5 17. Rac1 Be6 18. c5 dxc5 19. Rxc5 Rfd8 20. Qc1 Bg4 21. Rd2 Qb6 22. b4 Rbc8 23. h3 Be6 24. Rdc2 Rb8 25. e3 Qd6 26. Kh2 Bf5 27. e4 Be6 28. Qb2 Qd1 29. Rc7 Qe1 30. Re2 Qd1 31. Qc2 Bc4 32. Qxd1 Rxd1 33. Rc2 Rbd8 34. Rxe7 R8d2 35. Rxd2 Rxd2 36. Kg1 Rxa2 37. Ra7 Ra4 38. e5 Rxb4 39. Rxa6 Rb1+ 40. Kh2 Rb2 41. Kg1 b4 42. Ra1 b3 43. Bf1 Ra2 44. Rb1 Be6 45. Bd3 Rd2 46. Be4 Re2 47. Bd3 Rxe5 48. g4 Kf8 49. Kh2 Ke7 50. Kg3 Bd5 51. Kf4 Kd6 52. Rd1 g5+ 53. Kg3 h6 54. f4 Re3+ 55. Kf2 Rf3+ 56. Ke2 Rxf4 57. Kd2 Kc5 58. Kc3 Rf3 59. Ra1 Be4 0-1

[Event "Quebec op"]
[Site "Montreal CAN"]
[Date "2012.07.26"]
[Round "7"]
[White "Barre, Michel"]
[Black "Forget, Luc"]
[Result "0-1"]
[WhiteElo "1882"]
[BlackElo "2000"]
[PlyCount "138"]
[GameId "2160767909442131"]
[EventDate "2012.07.21"]
[EventType "swiss"]
[EventRounds "9"]
[EventCountry "CAN"]
[SourceTitle "hb 2012"]

1. e4 c6 2. d4 d5 3. e5 c5 4. c3 Nc6 5. Nf3 Bg4 6. Bb5 Bxf3 7. Qxf3 e6 8. O-O Nge7 9. Na3 a6 10. Bxc6+ Nxc6 11. Nc2 c4 12. Qg3 Qd7 13. f4 g6 14. Ne3 h5 15. Bd2 b5 16. Qf3 a5 17. b3 cxb3 18. axb3 Be7 19. Qe2 Qb7 20. Nc2 a4 21. Rfb1 Qa6 22. bxa4 bxa4 23. Qxa6 Rxa6 24. Bc1 O-O 25. Ba3 Rc8 26. Rb7 Bxa3 27. Rxa3 Na5 28. Rb4 Rac6 29. Rbxa4 Rxc3 30. Rxa5 Rxc2 31. Ra2 Rc1+ 32. Kf2 Kg7 33. Rd2 R8c4 34. Ra3 Rh1 35. h3 h4 36. Kf3 Re1 37. Kg4 Re4 38. Rad3 Kh6 39. Kf3 g5 40. fxg5+ Kxg5 41. Rd1 Ra4 42. R1d2 Ra1 43. Rd1 Ra4 44. R1d2 f6 45. exf6 Kxf6 46. Rd1 Kf5 47. R1d2 Rf4+ 48. Ke2 Ra1 49. Rf3 Rxf3 50. Kxf3 Ra3+ 51. Kf2 Kf4 52. Re2 Ra6 53. Re5 Ra2+ 54. Kf1 Rd2 55. Rxe6 Rxd4 56. Re8 Re4 57. Rf8+ Ke5 58. Ra8 d4 59. Ra5+ Kd6 60. Kf2 d3 61. Ra8 Kc5 62. Rc8+ Kd4 63. Rd8+ Kc3 64. Rc8+ Kd2 65. Rd8 Rf4+ 66. Kg1 Ke2 67. Re8+ Kd1 68. Rd8 d2 69. Rd7 Ke2 0-1

[Event "Quebec op"]
[Site "Montreal CAN"]
[Date "2012.07.26"]
[Round "7"]
[White "Beaulieu, Pierre"]
[Black "Nardone, Raul"]
[Result "1-0"]
[WhiteElo "1901"]
[BlackElo "1870"]
[PlyCount "73"]
[GameId "2160767909442132"]
[EventDate "2012.07.21"]
[EventType "swiss"]
[EventRounds "9"]
[EventCountry "CAN"]
[SourceTitle "hb 2012"]

1. b3 e5 2. Bb2 Nc6 3. e3 d6 4. Bb5 Bd7 5. d4 exd4 6. exd4 Qe7+ 7. Ne2 O-O-O 8. d5 Ne5 9. Bxd7+ Nxd7 10. O-O Ngf6 11. c4 h5 12. Nd4 h4 13. Re1 Ne5 14. f4 Nfd7 15. fxe5 Nxe5 16. Nd2 Qf6 17. N2f3 Ng4 18. Qd2 Ne5 19. Nxe5 dxe5 20. Nf3 Qb6+ 21. Kh1 f6 22. Qe3 Bc5 23. Qe4 Bf2 24. Re2 g6 25. Qxg6 Rhe8 26. Qf5+ Kb8 27. Rf1 Bg3 28. h3 a6 29. Bc1 Rc8 30. Be3 Qd6 31. Nd2 Qb4 32. Ne4 Ka8 33. Bc5 Qa5 34. Bg1 Bf4 35. Bf2 Qb4 36. Rd1 Qf8 37. Bc5 1-0

[Event "Quebec op"]
[Site "Montreal CAN"]
[Date "2012.07.26"]
[Round "7"]
[White "Carrier, Claude"]
[Black "Zhang, Yuanchen"]
[Result "1-0"]
[WhiteElo "2197"]
[BlackElo "1987"]
[PlyCount "85"]
[GameId "2160767909442133"]
[EventDate "2012.07.21"]
[EventType "swiss"]
[EventRounds "9"]
[EventCountry "CAN"]
[SourceTitle "hb 2012"]

1. e4 c5 2. Nf3 e6 3. d4 cxd4 4. Nxd4 Nf6 5. Nc3 Nc6 6. Ndb5 Bb4 7. Bg5 Qa5 8. Bxf6 gxf6 9. a3 Bxc3+ 10. Nxc3 Rg8 11. f4 Qb6 12. Qd2 a6 13. O-O-O Qc5 14. e5 fxe5 15. Ne4 Qe7 16. fxe5 Nxe5 17. Qf4 Ng4 18. g3 e5 19. Qf3 d5 20. Rxd5 Be6 21. Rd1 Rg6 22. Be2 Nf6 23. Nd6+ Kf8 24. Bc4 Bxc4 25. Nxc4 Rc8 26. Nd6 Rc6 27. Nf5 Qc7 28. Rd2 e4 29. Qb3 Rc5 30. g4 Ne8 31. Rhd1 Rb6 32. Qa4 Qe5 33. c3 Rbc6 34. Kb1 Rb5 35. Nd4 Rcc5 36. Nxb5 Rxb5 37. Rd4 Nf6 38. g5 Nd5 39. Qc2 e3 40. Qd3 e2 41. Re1 Nf4 42. Qxh7 Ng2 43. Rxe2 1-0

[Event "Quebec op"]
[Site "Montreal CAN"]
[Date "2012.07.26"]
[Round "7"]
[White "Casareno, Erwin"]
[Black "Larochelle, Martial"]
[Result "1-0"]
[WhiteElo "2246"]
[BlackElo "2240"]
[PlyCount "73"]
[GameId "2160767909442134"]
[EventDate "2012.07.21"]
[EventType "swiss"]
[EventRounds "9"]
[EventCountry "CAN"]
[SourceTitle "hb 2012"]

1. e4 c5 2. Nf3 e6 3. d4 cxd4 4. Nxd4 Nc6 5. Be3 Nf6 6. Nc3 Bb4 7. Bd3 d5 8. exd5 exd5 9. O-O O-O 10. Nce2 Ne5 11. Bg5 Re8 12. Nf4 Bg4 13. f3 Be6 14. Bb5 Nc6 15. Nh5 Be7 16. Bxf6 Bxf6 17. Nxf6+ gxf6 18. c3 Qd6 19. f4 Bd7 20. Bxc6 bxc6 21. Qh5 Re3 22. Rad1 Rae8 23. c4 Qc5 24. b3 R3e4 25. b4 Qxc4 26. Nf5 Bxf5 27. Qxf5 Qxb4 28. Qxf6 R8e6 29. Qd8+ Qf8 30. Qc7 Qc5+ 31. Kh1 Qe7 32. Qb8+ Kg7 33. f5 Rd6 34. Rd3 h5 35. h3 Qe5 36. Rdf3 Rf6 37. Rg3+ 1-0

[Event "Quebec op"]
[Site "Montreal CAN"]
[Date "2012.07.26"]
[Round "7"]
[White "De Lagrave, Sylvain"]
[Black "Gilbert, Erick"]
[Result "1/2-1/2"]
[WhiteElo "1970"]
[BlackElo "1808"]
[PlyCount "117"]
[GameId "2160767909442135"]
[EventDate "2012.07.21"]
[EventType "swiss"]
[EventRounds "9"]
[EventCountry "CAN"]
[SourceTitle "hb 2012"]

1. e4 d6 2. d4 g6 3. Nc3 Bg7 4. g3 Nf6 5. Bg2 O-O 6. Nge2 Nc6 7. h3 Bd7 8. O-O Qc8 9. Kh2 e5 10. Be3 Nh5 11. dxe5 dxe5 12. Nd5 Be6 13. Qd2 Nf6 14. Bg5 Bxd5 15. exd5 Ne7 16. c4 Nf5 17. g4 Nd6 18. Qc2 b6 19. b4 Rb8 20. a4 Nde8 21. Be3 Qd8 22. Nc3 Nd6 23. Qe2 h5 24. c5 bxc5 25. bxc5 Nc8 26. Rab1 Rxb1 27. Rxb1 hxg4 28. hxg4 Qd7 29. Rb4 e4 30. Nxe4 Nxd5 31. Rd4 c6 32. Rd1 Qc7+ 33. Kg1 Nxe3 34. Qxe3 Rd8 35. Rxd8+ Qxd8 36. g5 Qe7 37. Bh3 Qd8 38. Nf6+ Bxf6 39. gxf6 Qxf6 40. Qe8+ Kg7 41. Qxc8 Qa1+ 42. Kg2 Qxa4 43. Qg4 Qa1 44. Qe4 Qf6 45. f4 Qb2+ 46. Kf3 Qb3+ 47. Qe3 Qd1+ 48. Kg3 a5 49. Bg2 Qa4 50. Qe5+ Kh7 51. Qf6 Qa3+ 52. Bf3 Qxc5 53. Bxc6 Qe3+ 54. Bf3 Qa7 55. Qb2 a4 56. Qh2+ Kg8 57. Qa2 a3 58. Bd5 Kg7 59. Bxf7 1/2-1/2

[Event "Quebec op"]
[Site "Montreal CAN"]
[Date "2012.07.26"]
[Round "7"]
[White "Gagnon, Serge"]
[Black "Lebeau, Gilbert"]
[Result "1-0"]
[WhiteElo "2027"]
[BlackElo "1978"]
[PlyCount "53"]
[GameId "2160767909442136"]
[EventDate "2012.07.21"]
[EventType "swiss"]
[EventRounds "9"]
[EventCountry "CAN"]
[SourceTitle "hb 2012"]

1. Nf3 Nf6 2. g3 g6 3. Bg2 Bg7 4. O-O c5 5. d4 cxd4 6. Nxd4 O-O 7. c4 d5 8. Nc3 e5 9. Ndb5 a6 10. Na3 d4 11. Nd5 Nxd5 12. cxd5 Nd7 13. Qb3 b5 14. e3 Qb6 15. exd4 exd4 16. Bg5 Nc5 17. Qb4 Re8 18. Nc4 Qa7 19. Nd6 Re5 20. Bf4 Nd3 21. Qa5 Nxf4 22. gxf4 Rh5 23. Qd8+ Bf8 24. Nxc8 Qb8 25. Ne7+ Kg7 26. Qxb8 Rxb8 27. Nc6 1-0

[Event "Quebec op"]
[Site "Montreal CAN"]
[Date "2012.07.26"]
[Round "7"]
[White "Gauthier, Denis"]
[Black "Abreu Cordero, Jose"]
[Result "1-0"]
[WhiteElo "1987"]
[BlackElo "2010"]
[PlyCount "146"]
[GameId "2160767909442137"]
[EventDate "2012.07.21"]
[EventType "swiss"]
[EventRounds "9"]
[EventCountry "CAN"]
[SourceTitle "EXT 2022"]
[Source "ChessBase"]
[SourceDate "2021.10.06"]
[SourceVersion "1"]
[SourceVersionDate "2021.10.06"]
[SourceQuality "1"]

1. d4 d5 2. c4 e6 3. Nc3 Nf6 4. cxd5 exd5 5. Bg5 Be7 6. e3 c6 7. Bd3 h6 8. Bh4 Ne4 9. Bxe7 Qxe7 10. Qc2 Nd6 11. Nge2 O-O 12. O-O Nd7 13. Ng3 Nf6 14. Rae1 Be6 15. f3 Rfd8 16. Nce2 Qc7 17. Nf4 Bd7 18. Rc1 Re8 19. Qd2 Qb6 20. b3 a5 21. Bb1 Re7 22. Nd3 Be8 23. Ne5 g6 24. h4 h5 25. Ne2 Kg7 26. Nf4 Nd7 27. Nfd3 f6 28. Nxd7 Bxd7 29. Nf4 Bf5 30. Bd3 Kf7 31. Rfe1 Rae8 32. Rc3 Rxe3 33. Rxe3 Qxd4 34. Nxd5 cxd5 35. Rc7+ Kf8 36. Kf2 Qb6 37. Rc1 Bxd3 38. Qxd3 Nf5 39. Rce1 Rxe3 40. Rxe3 Qxe3+ 41. Qxe3 Nxe3 42. Kxe3 Ke7 43. Kd4 Kd6 44. g4 f5 45. g5 f4 46. a3 b5 47. b4 axb4 48. axb4 Ke6 49. Kc5 Ke5 50. Kxb5 Kd4 51. Kc6 Ke3 52. Kxd5 Kxf3 53. b5 Kg2 54. b6 f3 55. b7 f2 56. b8=Q f1=Q 57. Qb2+ Kh3 58. Qd4 Qf3+ 59. Kd6 Kg3 60. Ke7 Qf4 61. Qxf4+ Kxf4 62. Kf6 Kg4 63. Kxg6 Kxh4 64. Kh6 Kg4 65. g6 h4 66. g7 Kh3 67. g8=Q Kh2 68. Qc4 Kg3 69. Qb3+ Kg2 70. Qc2+ Kg3 71. Qd3+ Kg2 72. Qe4+ Kg3 73. Qh1 h3 1-0

[Event "Quebec op"]
[Site "Montreal CAN"]
[Date "2012.07.26"]
[Round "7"]
[White "Gerzhoy, Leonid"]
[Black "Panjwani, Raja"]
[Result "1-0"]
[WhiteElo "2459"]
[BlackElo "2392"]
[PlyCount "57"]
[GameId "2160767909442138"]
[EventDate "2012.07.21"]
[EventType "swiss"]
[EventRounds "9"]
[EventCountry "CAN"]
[SourceTitle "CBM 149 Extra"]
[Source "ChessBase"]
[SourceDate "2012.08.24"]
[SourceVersion "1"]
[SourceVersionDate "2012.08.24"]
[SourceQuality "1"]

1. d4 Nf6 2. c4 e6 3. Nc3 Bb4 4. e3 O-O 5. Bd3 d5 6. a3 Bxc3+ 7. bxc3 c5 8. cxd5 exd5 9. Ne2 b6 10. O-O Ba6 11. f3 Re8 12. Ng3 h5 13. Bxa6 Nxa6 14. Qd3 Nc7 15. Bb2 Ne6 16. Rae1 Qd7 17. e4 h4 18. Nf5 cxd4 19. cxd4 dxe4 20. fxe4 Nc5 21. Qh3 Ncxe4 22. Qxh4 Qb5 23. Bc1 g6 24. Nh6+ Kg7 25. Rxe4 g5 26. Bxg5 Nxe4 27. Nf5+ Kg8 28. Bf6 Nxf6 29. Qg5+ 1-0

[Event "Quebec op"]
[Site "Montreal CAN"]
[Date "2012.07.26"]
[Round "7"]
[White "Hansen, Eric"]
[Black "Jiang, Louie"]
[Result "1-0"]
[WhiteElo "2460"]
[BlackElo "2337"]
[PlyCount "37"]
[GameId "2160767909442139"]
[EventDate "2012.07.21"]
[EventType "swiss"]
[EventRounds "9"]
[EventCountry "CAN"]
[SourceTitle "CBM 149 Extra"]
[Source "ChessBase"]
[SourceDate "2012.08.24"]
[SourceVersion "1"]
[SourceVersionDate "2012.08.24"]
[SourceQuality "1"]

1. e4 c5 2. Nf3 e6 3. d4 cxd4 4. Nxd4 Nf6 5. Nc3 Qb6 6. e5 Bc5 7. Ndb5 a6 8. exf6 axb5 9. Ne4 g6 10. Qd3 O-O 11. Qh3 h5 12. Qg3 e5 13. Qg5 Re8 14. Nxc5 Qxc5 15. Bd3 d5 16. Be3 Qd6 17. Bxg6 Qb4+ 18. Kf1 Qg4 19. Bh7+ 1-0

[Event "Quebec op"]
[Site "Montreal CAN"]
[Date "2012.07.26"]
[Round "7"]
[White "Kovalyov, Anton"]
[Black "Vera, Reynaldo"]
[Result "1-0"]
[WhiteElo "2614"]
[BlackElo "2489"]
[PlyCount "81"]
[GameId "2160767909442140"]
[EventDate "2012.07.21"]
[EventType "swiss"]
[EventRounds "9"]
[EventCountry "CAN"]
[SourceTitle "CBM 149 Extra"]
[Source "ChessBase"]
[SourceDate "2012.08.24"]
[SourceVersion "1"]
[SourceVersionDate "2012.08.24"]
[SourceQuality "1"]

1. c4 c6 2. d4 d5 3. Nf3 Nf6 4. e3 e6 5. b3 Nbd7 6. Bb2 Bd6 7. Bd3 O-O 8. O-O b6 9. Ne5 Bb7 10. Nd2 Qe7 11. f4 Ba3 12. Bxa3 Qxa3 13. Qf3 Rac8 14. Qh3 Qe7 15. Qh4 Rfe8 16. Rf3 c5 17. cxd5 cxd4 18. Rg3 g6 19. dxe6 Qxe6 20. Bc4 Bd5 21. exd4 Qd6 22. Rd1 Kg7 23. Rh3 Be6 24. Qh6+ Kg8 25. Ndf3 Bxc4 26. bxc4 b5 27. cxb5 Rc2 28. a4 Ra2 29. a5 Qd5 30. Qh4 Nxe5 31. fxe5 Nh5 32. Qg5 Ng7 33. Qh6 Nh5 34. Re1 Rc8 35. Kh1 Rcc2 36. Rg1 f6 37. Rxh5 gxh5 38. exf6 Rc7 39. b6 axb6 40. axb6 Rd7 41. Ne5 1-0

[Event "Quebec op"]
[Site "Montreal CAN"]
[Date "2012.07.26"]
[Round "7"]
[White "Kraiouchkine, Nikita"]
[Black "Greeff, Melissa"]
[Result "1-0"]
[WhiteElo "2204"]
[BlackElo "2091"]
[PlyCount "81"]
[GameId "2160767909442141"]
[EventDate "2012.07.21"]
[EventType "swiss"]
[EventRounds "9"]
[EventCountry "CAN"]
[SourceTitle "CBM 149 Extra"]
[Source "ChessBase"]
[SourceDate "2012.08.24"]
[SourceVersion "1"]
[SourceVersionDate "2012.08.24"]
[SourceQuality "1"]

1. e4 c5 2. Nf3 e6 3. d4 cxd4 4. Nxd4 a6 5. Bd3 Nc6 6. Nxc6 dxc6 7. Nd2 e5 8. Nc4 Nf6 9. Be3 Be6 10. O-O Bxc4 11. Bxc4 Qxd1 12. Raxd1 Nxe4 13. Rfe1 Nd6 14. Bb3 O-O-O 15. Bb6 Re8 16. f4 f6 17. Re2 Kb8 18. fxe5 Rxe5 19. Red2 c5 20. Rxd6 Bxd6 21. Rxd6 Rhe8 22. h3 h5 23. Bd5 Kc8 24. Bf7 Rf8 25. Be6+ Kb8 26. Bd5 Kc8 27. c4 Re2 28. b3 Rxa2 29. Bxc5 Re8 30. Bb6 h4 31. Bf7 Rf8 32. Be6+ Kb8 33. Bd5 Kc8 34. Be6+ Kb8 35. Rd7 g5 36. Bd5 Re8 37. Rxb7+ Kc8 38. Rc7+ Kb8 39. Ra7 Re1+ 40. Kh2 Kc8 41. Bc6 1-0

[Event "Quebec op"]
[Site "Montreal CAN"]
[Date "2012.07.26"]
[Round "7"]
[White "Le Duin, Thierry"]
[Black "Lopez Linares, Lizandro"]
[Result "1-0"]
[WhiteElo "1938"]
[BlackElo "2096"]
[PlyCount "115"]
[GameId "2160767909442142"]
[EventDate "2012.07.21"]
[EventType "swiss"]
[EventRounds "9"]
[EventCountry "CAN"]
[SourceTitle "EXT 2022"]
[Source "ChessBase"]
[SourceDate "2021.10.06"]
[SourceVersion "1"]
[SourceVersionDate "2021.10.06"]
[SourceQuality "1"]

1. d4 Nf6 2. Nf3 c5 3. Bg5 cxd4 4. Bxf6 gxf6 5. Nxd4 e6 6. c3 d6 7. e3 a6 8. Bd3 h5 9. Nd2 Nd7 10. Be2 h4 11. Qa4 h3 12. g3 Rb8 13. c4 Qc7 14. O-O f5 15. Rac1 Bg7 16. b4 O-O 17. Rfd1 Nf6 18. Bf1 e5 19. Ne2 f4 20. exf4 e4 21. Nc3 Qe7 22. Re1 Re8 23. Ncxe4 Bd7 24. Nxf6+ Bxf6 25. Rxe7 Bxa4 26. Rxe8+ Rxe8 27. Bxh3 Re2 28. Nf1 Rxa2 29. Ne3 Rb2 30. c5 dxc5 31. bxc5 Bd4 32. Bg2 Bc6 33. Bxc6 bxc6 34. Rc4 Bf6 35. Ra4 Rb5 36. Rxa6 Rxc5 37. Kf1 Bd4 38. Ke2 Rc3 39. Nd1 Rc5 40. Kd3 Bf6 41. Ra4 Rd5+ 42. Ke2 Rb5 43. Rc4 c5 44. h4 Bd4 45. g4 Kg7 46. Ne3 Kf6 47. Nd5+ Kg7 48. f3 Rb2+ 49. Kd3 Rf2 50. Ke4 Re2+ 51. Kf5 Rf2 52. Nb6 Ra2 53. Na4 Bf2 54. h5 Ra3 55. g5 Rxf3 56. Nxc5 Ra3 57. h6+ Kh7 58. Nd7 1-0

[Event "Quebec op"]
[Site "Montreal CAN"]
[Date "2012.07.26"]
[Round "7"]
[White "Leveille, Francois"]
[Black "Prahov, Valentin"]
[Result "0-1"]
[WhiteElo "2301"]
[BlackElo "2209"]
[PlyCount "52"]
[GameId "2160767909442143"]
[EventDate "2012.07.21"]
[EventType "swiss"]
[EventRounds "9"]
[EventCountry "CAN"]
[SourceTitle "CBM 149 Extra"]
[Source "ChessBase"]
[SourceDate "2012.08.24"]
[SourceVersion "1"]
[SourceVersionDate "2012.08.24"]
[SourceQuality "1"]

1. Nf3 Nf6 2. c4 g6 3. Nc3 d5 4. cxd5 Nxd5 5. g3 Bg7 6. Bg2 O-O 7. O-O c5 8. Nxd5 Qxd5 9. d3 Nc6 10. Be3 Bxb2 11. Rb1 Bf6 12. Nd4 Qxa2 13. Nxc6 bxc6 14. Bxc5 Bg4 15. f3 Be6 16. d4 a5 17. e4 Rfd8 18. Rf2 Bxd4 19. Bxd4 Rxd4 20. Qe1 Qa4 21. h4 Rad8 22. Rf1 Bc4 23. Ra1 Qb4 24. Qxb4 axb4 25. Rfc1 b3 26. Rab1 Rd2 0-1

[Event "Quebec op"]
[Site "Montreal CAN"]
[Date "2012.07.26"]
[Round "7"]
[White "Libersan, Thierry"]
[Black "Boudreau, Daniel"]
[Result "1-0"]
[WhiteElo "2153"]
[BlackElo "1953"]
[PlyCount "97"]
[GameId "2160767909442144"]
[EventDate "2012.07.21"]
[EventType "swiss"]
[EventRounds "9"]
[EventCountry "CAN"]
[SourceTitle "hb 2012"]

1. e4 c5 2. Nf3 e6 3. d4 cxd4 4. Nxd4 a6 5. c4 Nf6 6. Nc3 Qc7 7. Be2 b6 8. O-O Bb7 9. Qd3 Be7 10. f4 d6 11. Bf3 Nbd7 12. Bd2 Rc8 13. b3 O-O 14. Kh1 Ne8 15. Rac1 Bf6 16. Be3 g6 17. g4 Qb8 18. g5 Bg7 19. f5 Ne5 20. Qe2 exf5 21. exf5 Nxf3 22. Nxf3 gxf5 23. Kg1 Bxf3 24. Rxf3 Bxc3 25. Rxc3 Ng7 26. Bd4 b5 27. Rh3 Qb7 28. Bxg7 Qb6+ 29. Rce3 Kxg7 30. Qh5 Rh8 31. Qh6+ Kg8 32. Kg2 Qd4 33. Rhf3 bxc4 34. bxc4 f4 35. Rd3 Qxc4 36. Qxd6 Qxa2+ 37. Rd2 Qe6 38. Qxf4 Re8 39. Rd6 Qe7 40. Rf6 Rf8 41. Kg3 Qa7 42. Rf2 a5 43. g6 Qb8 44. gxf7+ Kg7 45. Rd6 Qb3+ 46. Rf3 Qxf7 47. Qg5+ Qg6 48. Rxg6+ hxg6 49. Qe7+ 1-0

[Event "Quebec op"]
[Site "Montreal CAN"]
[Date "2012.07.26"]
[Round "7"]
[White "Malveau, Cedric"]
[Black "Luo, Zhao Yang"]
[Result "1-0"]
[WhiteElo "1951"]
[BlackElo "2042"]
[PlyCount "93"]
[GameId "2160767909442145"]
[EventDate "2012.07.21"]
[EventType "swiss"]
[EventRounds "9"]
[EventCountry "CAN"]
[SourceTitle "hb 2012"]

1. d4 Nf6 2. c4 g6 3. Nc3 Bg7 4. e4 d6 5. Nf3 O-O 6. Be2 e5 7. dxe5 dxe5 8. Qxd8 Rxd8 9. Bg5 Re8 10. O-O-O c6 11. Nxe5 Nxe4 12. Nxe4 Bxe5 13. Rhe1 Bf5 14. Nd6 Bxd6 15. Rxd6 Nd7 16. h3 Nc5 17. Be3 Ne4 18. Rdd1 Be6 19. f3 Ng3 20. Bd3 Nf5 21. Bf2 Ng7 22. g4 Red8 23. b3 f5 24. Be2 Kf7 25. Rxd8 Rxd8 26. Rd1 Re8 27. Rd2 a6 28. Kb2 h5 29. Kc3 Rh8 30. Kb4 hxg4 31. hxg4 fxg4 32. fxg4 Rh2 33. Bf3 Ne8 34. Kc5 Nf6 35. Kb6 Bxg4 36. Bxg4 Nxg4 37. Be1 Rh6 38. Kxb7 Ne5 39. Bg3 Kf6 40. Rd6+ Kf5 41. Bxe5 Kxe5 42. Rxc6 Rh7+ 43. Kxa6 Rg7 44. Rc5+ Kf4 45. Rd5 Ke4 46. Rd1 g5 47. c5 1-0

[Event "Quebec op"]
[Site "Montreal CAN"]
[Date "2012.07.26"]
[Round "7"]
[White "Munshi, Shawkat"]
[Black "Gedajlovic, Max"]
[Result "0-1"]
[WhiteElo "1678"]
[BlackElo "1817"]
[PlyCount "66"]
[GameId "2160767909442146"]
[EventDate "2012.07.21"]
[EventType "swiss"]
[EventRounds "9"]
[EventCountry "CAN"]
[SourceTitle "EXT 2022"]
[Source "ChessBase"]
[SourceDate "2021.10.06"]
[SourceVersion "1"]
[SourceVersionDate "2021.10.06"]
[SourceQuality "1"]

1. Nf3 Nf6 2. e3 g6 3. b3 Bg7 4. Bb2 O-O 5. d4 d6 6. Be2 Nbd7 7. Nbd2 c5 8. O-O cxd4 9. exd4 Rb8 10. c4 b6 11. a4 Ne8 12. Qc2 Ndf6 13. d5 Bf5 14. Bd3 Bxd3 15. Qxd3 Nd7 16. Bxg7 Nxg7 17. Nd4 Ne5 18. Qh3 Qc7 19. f4 Qc5 20. Qc3 Nf5 21. fxe5 Nxd4 22. b4 Ne2+ 23. Kh1 Qxd5 24. Qc2 Qxe5 25. Nf3 Nd4 26. Nxd4 Qxd4 27. Rad1 Qg7 28. Rf3 Rbc8 29. Qe4 Qe5 30. Qb7 Rxc4 31. Rdf1 Rxb4 32. Rxf7 Rxf7 33. Qc8+ Kg7 0-1

[Event "Quebec op"]
[Site "Montreal CAN"]
[Date "2012.07.26"]
[Round "7"]
[White "Naroditsky, Daniel"]
[Black "Rozentalis, Eduardas"]
[Result "1/2-1/2"]
[WhiteElo "2486"]
[BlackElo "2600"]
[PlyCount "48"]
[GameId "2160767909442147"]
[EventDate "2012.07.21"]
[EventType "swiss"]
[EventRounds "9"]
[EventCountry "CAN"]
[SourceTitle "CBM 149 Extra"]
[Source "ChessBase"]
[SourceDate "2012.08.24"]
[SourceVersion "1"]
[SourceVersionDate "2012.08.24"]
[SourceQuality "1"]

1. e4 e6 2. d4 d5 3. Nd2 Nf6 4. e5 Nfd7 5. Bd3 c5 6. c3 Nc6 7. Ngf3 Qb6 8. O-O cxd4 9. cxd4 Be7 10. Nb3 a5 11. a4 Nb4 12. Bb5 O-O 13. Bg5 Qd8 14. Bxe7 Qxe7 15. Rc1 Nb6 16. Nc5 Rb8 17. Qe2 Rd8 18. b3 Nd7 19. Nd3 Nf8 20. Qd2 Nxd3 21. Bxd3 b6 22. Rc3 Bb7 23. Rfc1 Rdc8 24. Rxc8 Rxc8 1/2-1/2